Enterprise in Latin America: business attitudes in a developing economy
Gespeichert in:
| 1. Verfasser: | |
|---|---|
| Format: | Buch |
| Sprache: | Englisch |
| Veröffentlicht: |
Nueva York
Cornel University Press
1966
|
| Schlagworte: | |
| Tags: |
Tag hinzufügen
Keine Tags, Fügen Sie den ersten Tag hinzu!
|
MARC
| LEADER | 00000nam a2200000 a 4500 | ||
|---|---|---|---|
| 001 | UCR9722 | ||
| 003 | CL-VaPUC | ||
| 008 | 980613e19660000US |||||||||||||||||eng|d | ||
| 082 | 0 | 4 | |a 338.98 |b LAU |2 21 |
| 100 | 0 | |a Lauterbach, Albert |e author |9 412553 | |
| 245 | 1 | 0 | |a Enterprise in Latin America: business attitudes in a developing economy |
| 300 | |a 207 p | ||
| 942 | |c BK | ||
| 945 | |d 19980613 00:00:00 |a crobeson | ||
| 260 | |a Nueva York |b Cornel University Press |c 1966 | ||
| 650 | 0 | |a Empresas |9 255569 | |
| 650 | 0 | |a Crecimiento económico |9 314037 | |
| 650 | 0 | |a Desarrollo industrial |9 322675 | |
| 650 | 0 | |a Países en desarrollo |9 259663 | |
| 650 | 0 | |a Competencia económica |9 256096 | |
| 651 | 0 | |a América Latina |9 255027 | |
| 583 | |a last modification |c 19980613 00:00:00 |k Rodrigo Vera | ||
| 999 | |c 270899 |d 270897 | ||